Mŕtvy z hory Storr

Saved in:
Bibliographic Details
Main Author Dalgliesh, J., M.
Format Electronic eBook
LanguageCzech
Published Cosmopolis SK 2026
Edition1. elektronické vydání
Subjects
Online AccessDostupné v BOOKPORT po přihlášení pomocí eduID
ISBN978-80-8305-262-8
978-80-8305-260-4
Physical Description1 online zdroj (312 stran)

Cover

LEADER 00000nam a2200000 i 4500
001 bkp100398
003 CZ-prgp
005 20260304115307.0
006 m o d
007 cr cn
008 260304s2026 xr o 000 1 cze
020 |a 978-80-8305-262-8  |c 425 Kč  |q (online ; epub) 
020 |a 978-80-8305-260-4  |c 500 Kč  |q (print) 
040 |a Grada  |b cze  |e rda 
100 1 |a Dalgliesh, J., M. 
245 1 0 |a Mŕtvy z hory Storr  |c M. Dalgliesh J. 
250 |a 1. elektronické vydání 
264 1 |b Cosmopolis SK  |c 2026 
300 |a 1 online zdroj (312 stran) 
336 |a text  |b txt  |2 rdacontent 
337 |a počítač  |b c  |2 rdamedia 
338 |a online zdroj  |b cr  |2 rdacarrier 
520 3 |a Stopy mali zostať zahladené, jedna chyba však všetko zmenila. 
650 0 4 |a Beletrie 
650 0 4 |a Dobrodružství, napětí, thrillery 
650 0 4 |a Krimi, detektivky 
856 4 0 |u https://www.bookport.cz/AccountSaml/SignIn/?idp=https://shibboleth.utb.cz/idp/shibboleth&returnUrl=/kniha/mrtvy-z-hory-storr-15867/  |y Dostupné v BOOKPORT po přihlášení pomocí eduID